000 00523nam a2200205 a 4500
001 BRL_1934
005 20190320211436.0
008 190815s1964----mx-ob#####---#000-0#spa-#
041 _aspa
044 _amx
050 4 _aG1019
_b.A85 1964
245 1 0 _aEl atlas de nuestro tiempo
260 _aMéxico
_bReader´s Digest México
_c1964
300 _a207 p.
_bil., mapas
_c40 cm.
440 0 _aSelecciones del Reader´s Digest
_928268
500 _aAu2178
650 1 4 _aAtlas
_928269
902 _aGRL
942 _2lcc
_cB
999 _c10742
_d10742